La discographie de Lisa - Statistiques

Statistiques générales
  • Ce quiz a été pris 43 fois
  • Le résultat moyen est 13 sur 18
Statistiques - réponses
Réponse % Correct
Money
100%
Lalisa
97%
Rockstar
88%
Dream
84%
Chill
78%
New Woman (feat Rosalia)
78%
Born Again (feat Doja Cat, Raye)
75%
Shoong !
75%
Rapunzel (feat Megan Thee Stallion)
72%
SG
72%
Lifestyle
66%
When I'm With You (feat Tyla)
66%
Elastigirl
63%
Moonlit Floor (Kiss Me)
63%
Priceless
63%
Thunder
59%
Fxck Up The World (feat Future)
56%
Badgrrrl
50%
Aucun quiz correspondant
Distribution des résultats
% des personnes avec chaque résultat
Percentile par nombre de réponses
Votre historique - résultats
Vous n’avez pas pris ce quiz